Normal view
MARC view
Entry Topical Term
001 - CONTROL NUMBER
- control field: 202792
003 - CONTROL NUMBER IDENTIFIER
- control field: OSt
005 - DATE AND TIME OF LATEST TRANSACTION
- control field: 20250227121118.0
008 - FIXED-LENGTH DATA ELEMENTS
- fixed length control field: 250227|| aca||aabn | a|a d
040 ## - CATALOGING SOURCE
- Original cataloging agency: OSt
- Transcribing agency: OSt
150 ## - HEADING--TOPICAL TERM
- Topical term or geographic name entry element: Data Declaration language
670 ## - SOURCE DATA FOUND
- Source citation: Work cat.: (OSt)189062: Celko, Joe. 202790, Joe celko's sql programming style /, 2006.